|
|
|
|
| LEADER |
00000nam a2200000 i 4500 |
| 001 |
1/63434 |
| 008 |
930924s eng d |
| 020 |
|
|
|a 0-582-49458-3
|
| 035 |
|
|
|a ΛΕΣΒΟΣb10001209
|l 10001209
|
| 040 |
|
|
|a GR-MY-UA
|b gre
|e aacr
|
| 041 |
0 |
|
|a eng
|
| 082 |
0 |
|
|a 929.1072042
|
| 100 |
1 |
|
|a Hey, David.
|
| 245 |
1 |
0 |
|a Family history and local history in England /
|c David Hey
|
| 260 |
|
|
|a London :
|b Longman,
|c 1987
|
| 300 |
|
|
|a 276 p.
|
| 500 |
|
|
|a Includes bibliography and index
|
| 651 |
|
0 |
|a England
|x Genealogy
|x Handbooks, manuals, etc.
|
| 651 |
|
0 |
|a Great Britain
|x History, Local
|x Handbooks, manuals, etc.
|
| 852 |
|
|
|a INST
|b LESVOS
|e 19930924
|h 929.1072042 HEY
|p 005100005275
|q 005100005275
|t BK
|y 0
|
| 909 |
|
|
|a Λ
|b 012924
|